Essai sur quelques points de l'histoire de la cataracte; Thése préséntée et soutenue à la Faculté de Médecine de Paris, le 12 décembre 1833, pour obtenir le grade de docteur chirurgie par Théodore Maunoir, de Genéve, membre de la Société d'observation

Detalles Bibliográficos
Autor principal: Maunoir, Théodore
Formato: Libro
Lenguaje:French
Publicado: Paris 1833
Materias:
Colección:Banco de datos
Acervo:Biblioteca Pública Central del Estado de Durango. Lic. José Ignacio Gallegos Caballero. Colección José Fernando Ramírez
Descripción Física:96 p. 4°
Tema general:Medicina
Notas:Portada con pleca. Encuadernación en cartón con lomo en piel. Sello en tinta de la Biblioteca Pública del Estado de Durango
LEADER 00891nam a22001810004500
035 |a 2644 
041 0 |a fre 
100 1 |a Maunoir, Théodore 
245 1 0 |a Essai sur quelques points de l'histoire de la cataracte; Thése préséntée et soutenue à la Faculté de Médecine de Paris, le 12 décembre 1833, pour obtenir le grade de docteur chirurgie par Théodore Maunoir, de Genéve, membre de la Société d'observation 
260 |a Paris  |b de l'imprimerie de Didot le jeune  |c 1833 
300 |a 96 p.  |c 4° 
500 |a Portada con pleca. Encuadernación en cartón con lomo en piel. Sello en tinta de la Biblioteca Pública del Estado de Durango 
501 |a 14 obras 
650 1 0 |a Medicina 
949 |a CR. 3667-L 
942 |c DURANRAM 
943 |g Biblioteca Pública Central del Estado de Durango. Lic. José Ignacio Gallegos Caballero. Colección José Fernando Ramírez 
999 |c 1079574  |d 1079574